Sports Quiz

Random Sports or NFL Quiz

NFL Most Career Touches Quiz Stats

 Plays Quiz Updated Jan 1, 2019

Challenge
Share
Tweet
Embed
Score 0/26 Timer 07:00
0 Plays Today
Touches Player % Correct
4,924Emmitt Smith
94%
3,798LaDainian Tomlinson
84.9%
4,347Walter Payton
83%
3,419Barry Sanders
82.5%
3,605Marshall Faulk
77.2%
4,002Curtis Martin
71%
3,679Jerome Bettis
70.6%
3,097Adrian Peterson
66.9%
3,461Edgerrin James
64.3%
3,277Eric Dickerson
61.1%
3,229Steven Jackson
57.7%
3,349Thurman Thomas
57.6%
3,003Thomas Jones
56.6%
Touches Player % Correct
3,609Marcus Allen
55.1%
3,266Franco Harris
52.8%
3,837Frank Gore
48%
3,133Eddie George
47.4%
2,869Corey Dillon
46.9%
2,938Ottis Anderson
45.8%
2,824Fred Taylor
45.3%
3,166John Riggins
45.1%
3,334Tony Dorsett
44.4%
3,199Warrick Dunn
40.5%
3,089Ricky Watters
35.3%
2,910Matt Forte
34.6%
2,821LeSean McCoy
29.1%

You're not logged in!

Compare scores with friends on all Sporcle quizzes.
OR
Log In

You Might Also Like...

Show Comments

Extras

Top Quizzes Today


Score Distribution

Your Account Isn't Verified!

In order to create a playlist on Sporcle, you need to verify the email address you used during registration. Go to your Sporcle Settings to finish the process.

Report this User

Report this user for behavior that violates our Community Guidelines.

Details: